| 000 | 00884nam a22002417a 4500 | ||
|---|---|---|---|
| 999 |
_c6034 _d6034 |
||
| 003 | OSt | ||
| 005 | 20231121120232.0 | ||
| 008 | 130402c2010 sp a|||| |||| 00| 0 cat d | ||
| 040 |
_cCDMR _bcat |
||
| 245 | 0 | 0 |
_aAnuari Mèdia.cat _b: els silencis mediàtics de ... _c/ Grup de Periodistes Ramon Barnils |
| 260 |
_aBarcelona : _bMèdia.cat, _cDL 2011 - |
||
| 310 | _aAnual | ||
| 362 | 0 | _a2011- | |
| 500 | _aCanvien el DL a cada vol. | ||
| 500 | _aPublicat sota els auspicis de: Grup de Periodistes Ramon barnils | ||
| 650 | 0 | 4 |
_9405 _aMitjans de comunicació de massa _xCensura _zEspanya |
| 650 | 0 | 7 |
_9405 _aMitjans de comunicació de massa _xRevistes _zEspanya |
| 700 | 1 |
_93344 _aPalà, Roger _eed. |
|
| 700 | 1 |
_93345 _aPicazo, Sergi _eed. |
|
| 710 | 2 |
_92397 _aGrup de Periodistes Ramon Barnils |
|
| 856 | 4 | 0 |
_uhttp://www.media.cat/anuari/descarregues/ _zAccés lliure |
| 942 |
_cSER _2udc |
||